000 00655nam a22001817a 4500
003 UA-OsUOA
001 20179
007 ta
008 20041028b un ||||| |||| 00| 0 ukr d
100 _aРоташнюк Р.
942 _cSA
040 _aUA-OsUOA
_cUA-OsUOA
_dUA-OsUOA
245 _aІрак - це не так страшно, - стверджує рівнянин Роман Роташнюк [про своє перебування на військ. базі в м. Алькут (Ірак)]
300 _aС.3
955 _a0
773 0 _w0
_tПанорама
_dРівне
_d2004
_g№41/22 жовт./
650 7 _aВійськова справа
_2UDC
999 _c306352
_d306352